MetaFilter Facts Quiz Stats

 Plays Quiz not verified by Sporcle

Also try: Click a Car Logo
Challenge
Share
Tweet
Embed
Score 0/81 Timer 10:00
0 Plays Today
test test % Correct
SubsitesAsk MetaFilter
96.1%
SubsitesMetaTalk
94.1%
SubsitesMetaFilter
93.8%
Mods (usernames)jessamyn [retired]
92%
Mods (usernames)cortex
90.4%
AcronymsI am not a lawyer
89.7%
SubsitesMusic
89.6%
Acronymsnot safe for work
89.4%
TermsMeMail
88.3%
Acronymssingle-link YouTube
87.9%
Acronymsfront page post
87.7%
Mods (usernames)mathowie [retired]
87.6%
SubsitesProjects
86.5%
TermsMefite
85.6%
Termspony
84.9%
SubsitesJobs
83.5%
Termsmeetup
83.4%
Termsplate of beans
77.2%
Acronymsget your own (f*cking) blog
76.3%
Termschatfilter
75.9%
Mods (usernames)pb [retired]
73.5%
Termswendell
73.5%
Acronymsdump the motherf*cker already
72.8%
Byline Elementsflag
72.7%
Mods (real names)Jessamyn West
71.1%
Mods (real names)Matthew Haughey
70.6%
Notable UsersAdam Savage (asavage)
70.4%
test test % Correct
Termsself-link
64.8%
Flagging Optionsoffensive/sexism/racism
63.4%
Notable UsersSteve Wozniak (stevewoz)
60.1%
Mods (usernames)vacapinta [very occasionally]
58.7%
Termsboyzone
58.3%
TermsInfodump
57.9%
Byline Elementsfavorite
57.2%
Flagging Optionsfantastic post/comment
55.5%
TermsPepsi Blue
53.9%
Termstaters
49.7%
Byline Elementstime
47.3%
Flagging Optionsdouble post
47.2%
SubsitesIRL
45.4%
Flagging Optionsnoise/derail/other
45.4%
Byline Elementsdate
44.1%
Acronymsflag it and move on
43.7%
Flagging Optionsit breaks the guidelines
43.2%
Acronymssingle-link op-ed
41.7%
Mods (real names)Josh Millard
40.6%
Flagging Optionsflag with note...
39.3%
Acronymssame as in town
38.6%
Taglinescommunity weblog
38%
TermsTreaty of Westphalia
34.8%
Notable UsersMiguel Cardoso (MiguelCardoso)
34.8%
Flagging OptionsHTML/display error
34.6%
Termscallout
34.1%
Notable UsersCharlie Stross (cstross) or John Scalzi (jscalzi)
33.8%
test test % Correct
Termslongboat
29.7%
Taglinesquerying the hive mind
27.7%
Notable UsersJohn Hodgman (hodgman)
25.1%
Notable UsersAnil Dash (anildash)
24.2%
Mods (usernames)taz
22.3%
Mods (usernames)restless_nomad
18.6%
Byline Elementsusername
16.2%
Mods (real names)Paul Bausch
14.9%
Taglinesfeature requests, bugs etc.
14.1%
Notable UsersCory Doctorow (doctorow)
13.1%
Taglinesoverthinking entertainment
11.5%
Taglineswhere self-links rule
11.4%
Taglinesrock and/or roll
9.7%
Taglinesget out. meet people.
8.3%
Taglinesall work and no play
8%
Mods (real names)Ricardo Vacapinta
4.1%
Mods (real names)Jeremy Preacher
2.3%
Mods (real names)Teresa Zelkas
1%
SubsitesFanFare
0%
Mods (usernames)Eyebrows McGee
0%
Mods (usernames)goodnewsfortheinsane
0%
Mods (usernames)LobsterMitten
0%
Mods (usernames)frimble
0%
Mods (real names)Kearsley Schieder
0%
Mods (real names)Laura Petelle
0%
Mods (real names)Paul G. Hunt
0%
Mods (real names)-
0%

You're not logged in!

Compare scores with friends on all Sporcle quizzes.
Join for Free
OR
Log In

You Might Also Like...

Show Comments

Extras

Created Sep 28, 2009SourceReportNominate
Tags:test, website

Top Quizzes Today


Score Distribution

Your Account Isn't Verified!

In order to create a playlist on Sporcle, you need to verify the email address you used during registration. Go to your Sporcle Settings to finish the process.

Report this User

Report this user for behavior that violates our Community Guidelines.

Details: